Organizational behaviour (Record no. 35003)

MARC details
000 -LEADER
fixed length control field 00315nam a2200121Ia 4500
082 ## - DEWEY DECIMAL CLASSIFICATION NUMBER
Classification number 65:159.9
Item number HOD
100 ## - MAIN ENTRY--AUTHOR NAME
Personal name Altman, Steven
245 #0 - TITLE STATEMENT
Title Organizational behaviour
260 ## - PUBLICATION, DISTRIBUTION, ETC. (IMPRINT)
Place of publication Philadelphia
Name of publisher W B Saunders
Year of publication 1979
700 ## - ADDED ENTRY--PERSONAL NAME
Personal name Hodgetts, Richard M
942 ## - ADDED ENTRY ELEMENTS (KOHA)
Koha item type Books
Holdings
Withdrawn status Lost status Damaged status Not for loan Home library Current library Date acquired Cost, normal purchase price Full call number Accession Number Koha item type
        RRII Library RRII Library 16/12/2021 24.95 65:159.9 HOD 15430 Books